Catálogo público

Estudio técnico de una planta agroindustrial de la empresa : (Record no. 176598)

MARC details
000 -CABECERA
campo de control de longitud fija 02147nam a2200385Ia 4500
001 - NÚMERO DE CONTROL
campo de control dia_5619
003 - IDENTIFICADOR DEL NÚMERO DE CONTROL
campo de control CHAP
005 - FECHA Y HORA DE LA ÚLTIMA TRANSACCIÓN
campo de control 20240213121212.0
007 - CAMPO FIJO DE DESCRIPCIÓN FÍSICA--INFORMACIÓN GENERAL
campo de control de longitud fija ta
008 - DATOS DE LONGITUD FIJA--INFORMACIÓN GENERAL
campo de control de longitud fija 220117s1996 mx ae fr 001 0 spa d
040 ## - FUENTE DE LA CATALOGACIÓN
Centro/agencia transcriptor CHAP
Centro catalogador/agencia de origen mxchpua
090 ## - LOCALMENTE ASIGNADO TIPO-LC NÚMERO DE CLASIFICACIÓN (OCLC); NÚMERO DE CLASIFICACIÓN LOCAL (RLIN)
Número de clasificación (OCLC) (R) ; Numero de clasificación, CALL (RLIN) (NR) T.C.224
Número cutter local (OCLC) ; Número de libro/Signatura topográfica íntegra, CALL (RLIN) V35 ETIPA
Año 1996
245 10 - MENCIÓN DE TÍTULO
Título Estudio técnico de una planta agroindustrial de la empresa :
Resto del título Industrializadora de cacao de Tabasco S. A. de C. V. (I. N. C. A. T. A. B. S. A.) /
Mención de responsabilidad, etc. coordinador Salvador Valle Guadarrama ; colaboradores Natalio del Refugio Díaz Santiago...[et al.]
260 ## - PUBLICACIÓN, DISTRIBUCIÓN, ETC.
Lugar de publicación, distribución, etc. México :
Nombre del editor, distribuidor, etc. El autor,
Fecha de publicación, distribución, etc. 1996
300 ## - DESCRIPCIÓN FÍSICA
Extensión 65 hojas :
Otras características físicas ilustraciones, diagramas, tablas, planos
336 ## - TIPO DE CONTENIDO
Fuente rdacontent
Término de tipo de contenido texto
Código de tipo de contenido txt
337 ## - TIPO DE MEDIO
Fuente rdamedia
Nombre/término del tipo de medio sin medio
Código del tipo de medio n
338 ## - TIPO DE SOPORTE
Fuente rdacarrier
Nombre/término del tipo de soporte volumen
Código del tipo de soporte nc
500 ## - NOTA GENERAL
Nota general 7° año
502 ## - NOTA DE TESIS
Nota de tesis Viaje de Estudios
Tipo de título (ETIPA) --
Nombre de la institución que otorga el título UACh. Departamento de Ingeniería Agroindustrial,
Año de obtención del título 1996
504 ## - NOTA DE BIBLIOGRAFÍA, ETC.
Nota de bibliografía, etc. Bibliografía: hoja 141
505 ## - NOTA DE CONTENIDO CON FORMATO
Nota de contenido con formato 12 planos -- <br/>1. Diagrama de flujo de la producción de chocolate de barra y de mesa -- <br/>2. Diagrama de flujo de sistema de instantaneización de chocolate --<br/>3. Diagrama de producción de agua fria y su utilización --<br/>4. Diagrama de pulverización de cocoa -- <br/>5. D. T. I. del temperisado de manteca -- <br/>6. D.T.I. del área de prensado -- <br/>7. Diagrama de flujo del área de extracción -- <br/>8. D.T.I del molino desintegrador de cacao -- <br/>9. Diagrama de tubería e instrumentación de un agitador-mezclador -- <br/>10. Diagrama de flujo áreas de molinos, refinadores y tanques de agitación -- <br/>11. Diagrama de flujo del suministro de vapor a torrefactores -- <br/>12. Diagrama de flujo del área de recepción y acondicionamiento
650 13 - PUNTO DE ACCESO ADICIONAL DE MATERIA--TÉRMINO DE MATERIA
Término de materia o nombre geográfico como elemento de entrada Cacao
Subdivisión general
9 (RLIN) 158656
Subdivisión geográfica México
-- Tabasco
650 13 - PUNTO DE ACCESO ADICIONAL DE MATERIA--TÉRMINO DE MATERIA
Término de materia o nombre geográfico como elemento de entrada Chocolate
9 (RLIN) 22816
650 13 - PUNTO DE ACCESO ADICIONAL DE MATERIA--TÉRMINO DE MATERIA
Término de materia o nombre geográfico como elemento de entrada Cocoa powder
9 (RLIN) 159169
700 1# - PUNTO DE ACCESO ADICIONAL--NOMBRE DE PERSONA
Nombre de persona Díaz Santiago, Natalio del Refugio
Término indicativo de función/relación colaborador
9 (RLIN) 33636
700 1# - PUNTO DE ACCESO ADICIONAL--NOMBRE DE PERSONA
Nombre de persona Valle Guadarrama, Salvador
9 (RLIN) 151202
Término indicativo de función/relación coordinador
942 ## - ELEMENTOS DE PUNTO DE ACCESO ADICIONAL (KOHA)
Fuente del sistema de clasificación o colocación Clasificación Universidad Autónoma de Chapingo
901 ## - ELEMENTOS DE DATOS A LOCAL LDA (RLIN)
a T.C.224 V35 ETIPA 1996
902 ## - ELEMENTOS DE DATOS B LOCAL, LDB (RLIN)
a M
905 ## - ELEMENTOS DE DATOS E LOCAL, LDE (RLIN)
a 5332271996 mx ea 8223123322spa16
942 ## - ELEMENTOS DE PUNTO DE ACCESO ADICIONAL (KOHA)
Tipo de ítem Koha Viaje de Estudios
Holdings
Estado de retiro Estado de pérdida Fuente del sistema de clasificación o colocación Estado dañado Restricciones de uso No para préstamo Código de colección Localización permanente Ubicación/localización actual Fecha de adquisición Fuente de adquisición Total de préstamos Signatura topográfica completa Código de barras Fecha visto por última vez Número de copia Precio válido a partir de Tipo de ítem Koha
    Clasificación Universidad Autónoma de Chapingo   Préstamo interno   Viajes de Estudio Ingenieria Agroindustrial Ingenieria Agroindustrial 18/01/2022 El autor   T.C.224 V35 ETIPA 1996 1106008304 26/01/2026 Ej. 1 18/01/2022 Viaje de Estudios